| 000 | 00622nam a2200241Ii 4500 | ||
|---|---|---|---|
| 999 |
_c3398 _d3398 |
||
| 001 | 6775962 | ||
| 003 | OSt | ||
| 005 | 20181112132802.0 | ||
| 008 | 801001s1969 xx 000 0 eng d | ||
| 020 | _a0736323147 | ||
| 035 | _atcgc214854 | ||
| 040 |
_aOCO _cOCO _dm.c. _dLTS |
||
| 082 |
_a232 _bL477A |
||
| 090 |
_aBX7990.L63 _bL443 1979 |
||
| 092 |
_a232 _bL482a-p |
||
| 100 | 1 | _aLee, Witness. | |
| 245 | 1 | 4 |
_aThe all-inclusive Christ / _cWitness Lee. |
| 260 |
_aAnaheim, CA : _bLiving Stream Ministry, _cc1969. |
||
| 300 |
_a192 p. ; _c22 cm. |
||
| 600 | 0 | 0 | _aJesus Christ. |
| 610 | 2 | 0 | _aLocal Church. |
| 942 |
_2ddc _cBK |
||